000 00939nam a22002297a 4500
003 0
005 20250905121455.0
008 250905b xxu||||| |||| 00| 0 eng d
020 _a978-1-032-44784-1
050 _aQA 135.5
_b.J66 2025
100 _aJones, Tammy L.,
_eauthor.
245 _aAuthentic opportunities for writing about math in upper elementary :
_bprompts and examples for building understanding /
_cTammy L. Jones and Leslie A. Texas.
260 _aNew York, NY :
_bRoutledge,
_c2025.
300 _axiv, 175 pages :
_billustrations ;
_c28 cm.
650 _aMathematics
_xStudy and teaching (Elementary).
650 _aMathematics
_xStudy and teaching (Elementary)
_vActivity programs.
650 _aMathematics
_xLanguage.
650 _aCommunication in mathematics
_xStudy and teaching (Elementary).
650 _aReport writing
_xStudy and teaching (Elementary).
700 _aTexas, Leslie A.,
_eauthor.
942 _2lcc
_cBK
999 _c367776
_d367776